Is God for sale? : (Record no. 3001)

MARC details
000 -LEADER
fixed length control field 00717cam a2200241 i 4500
001 - CONTROL NUMBER
control field 4630081
003 - CONTROL NUMBER IDENTIFIER
control field GBCCL
005 - DATE AND TIME OF LATEST TRANSACTION
control field 20241126110445.0
008 - FIXED-LENGTH DATA ELEMENTS--GENERAL INFORMATION
fixed length control field 790625s1979 ilu 000 0 eng
010 ## -
-- 78058742
020 ## - INTERNATIONAL STANDARD BOOK NUMBER
International Standard Book Number 0842317600 :
Terms of availability $3.95
040 ## - CATALOGING SOURCE
Original cataloging agency DLC
Transcribing agency DLC
Modifying agency DLC
043 ## -
-- n-us---
050 00 -
-- BR1642.U5
-- L48
082 00 - DEWEY DECIMAL CLASSIFICATION NUMBER
Classification number 262
Item number LEW
100 1# - MAIN ENTRY--PERSONAL NAME
Personal name Lewis, Gregory.
9 (RLIN) 6246
245 10 - TITLE STATEMENT
Title Is God for sale? :
Remainder of title A provocative examination of today's church /
Statement of responsibility, etc. Gregory Lewis.
260 ## - PUBLICATION, DISTRIBUTION, ETC.
Place of publication, distribution, etc. Wheaton, Ill. :
Name of publisher, distributor, etc. Tyndale House Publishers,
Date of publication, distribution, etc. c1979.
300 ## - PHYSICAL DESCRIPTION
Extent 155 p. ;
Dimensions 21 cm.
650 #0 - SUBJECT ADDED ENTRY--TOPICAL TERM
Topical term or geographic name entry element Evangelicalism
Geographic subdivision United States.
9 (RLIN) 914
906 ## - LOCAL DATA ELEMENT F, LDF (RLIN)
a 7
b cbc
c orignew
d 2
e ocip
f 19
g y-gencatlg
942 ## - ADDED ENTRY ELEMENTS (KOHA)
Source of classification or shelving scheme Dewey Decimal Classification
Koha item type Books
Holdings
Withdrawn status Lost status Source of classification or shelving scheme Damaged status Not for loan Home library Current Library Shelving location Date acquired Total checkouts Full call number Barcode Date last seen Copy number Price effective from Koha item type
    Dewey Decimal Classification     GRACE BIBLE COLLEGE GRACE BIBLE COLLEGE Ministry & Mission 2017-10-11   262 LEW 003537 2025-05-01 c.1 2017-10-11 Books
© Grace Bible College Library 2025